Statistics for African Geography by Letter - O

Click here to take the quiz!

General Stats

  • This quiz has been taken 159 times
    (88 since last reset)
  • The average score is 9 of 15

Answer Stats

HintAnswer% Correct
Term for a wet area in a desertOasis
100%
Empire that controlled Egypt
between 1517–1867
Ottoman Empire
95%
Top export of NigeriaOil
93%
World's largest birdOstrich
87%
Easternmost region of Morocco or
the opposite of occidental
Oriental
83%
Capital of Burkina FasoOuagadougou
80%
Tunisia is the fourth-largest
producer of this type of oil
Olive Oil
73%
Longest river of South AfricaOrange
61%
Ancient Egyptian "pointed pillar"Obelisk
52%
Giraffe relative with zebra stripesOkapi
49%
Fish-eating bird of preyOsprey
45%
Zanzibar was once the capital of
this Arab-maritime empire
Omani Empire
32%
River whose delta does not
reach the sea
Okavango
24%
Most common language in EthiopiaOromo
23%
Nigerian city of 1 million peopleOnitsha
15%

Score Distribution

Percentile by Number Answered

Percent of People with Each Score

Your Score History

You have not taken this quiz since the last reset